000 00337nam a2200133Ia 4500
008 231129s9999||||xx |||||||||||||| ||spa||
020 _a958-04-2122-6
040 _bspa
082 _aE863 / P438i
100 _aPerez Galdos Benito
245 0 _aMisericordia
264 _aNorma
942 _2ddc
_cBKS
999 _c21281
_d21281